000 00878nam a2200277 a 4500
001 000040697
003 DO-SdBNP
005 20240304090102.0
007 000040697
008 130905s2013 dr a 000 0 spa d
020 _a9789945006988
040 _aBPMSU
_bspa
_cBPMSU
082 4 _a923.27293
_b D812S 2013
_222
100 1 _aStanley, Avelino
_d1959-
245 1 0 _aValores en la vida de Juan Pablo Duarte. /
_cAvelino Stanley.
260 _aSanto Domingo, :
_bSuperintendencia de Pensiones,
_c2013.
300 _a91 p. :
_bil. ;
_c22 cm.
500 _aIncluye datos biográficos del autor en la p. 90
504 _aBibliografía p: 81-84
590 _aInventariado, 2024/VM
600 1 4 _aDuarte y Diez, Juan Pablo
_d1813-1876
650 4 _aConducta (Ética)
700 1 _aNúñez, Miguel
_eil.
910 _aVMateo V./ Validado. Control de calidad MFF
942 _2ddc
_cBK
999 _c8097
_d8097